000
00433nam a2200145Ia 4500
008
100122s9999 xx 000 0 und d
082
_b
21124
_a
823
100
_a
पांढरीपांडे विजय
245
_a
पत्रांजली
260
_b
मेनका प्रकाशन
_c
1974
300
_a
194
630
_a
पत्रांजली
730
_a
पत्रांजली
942
_c
BOOK
999
_c
409326
_d
409323